| 000 | 00568nam a2200205Ia 4500 | ||
|---|---|---|---|
| 008 | 170918s9999 xx 000 0 und d | ||
| 020 | _a9780545435994 | ||
| 050 | _bN216 2011 | ||
| 100 | _aNapoli, Donna Jo | ||
| 245 | _aTreasury of Greek mythology : | ||
| 245 | _bclassic stories of gods, goddesses, heroes & monsters / | ||
| 245 | _cDonna Jo Napoli ; illustrated by Christina Balit. | ||
| 260 | _aNew York : | ||
| 260 | _bScholastic, | ||
| 260 | _c2011 | ||
| 300 | _a191 pages : | ||
| 300 | _bcolored illustration ; | ||
| 300 | _c26cm. | ||
| 500 | _a860 | ||
| 999 |
_c342165 _d342165 |
||